[Event "Niedersachsen-ch open"]
[Site "Verden"]
[Date "2010.01.06"]
[Round "7.48"]
[White "Schwenteck, Peter"]
[Black "Wagner, Dario"]
[Result "1-0"]
[WhiteElo "1759"]
[BlackElo "1328"]
[PlyCount "49"]
[EventDate "2010.01.03"]
[EventType "swiss"]
[EventRounds "7"]
[EventCountry "GER"]
[SourceTitle "EXT 2012"]
[Source "ChessBase"]
[SourceDate "2011.11.24"]
[SourceVersion "1"]
[SourceVersionDate "2011.11.24"]
[SourceQuality "1"]

1. d4 d5 2. Nf3 e6 3. e3 f5 4. c4 c6 5. Nc3 Nf6 6. Be2 Bd6 7. 0-0 Nbd7 8. Ng5 Qe7 9. f4 h6 10. Nf3 Ne4 11. Nxe4 fxe4 12. Ne5 Nxe5 13. fxe5 Bc7 14. Bh5+ Kd8 15. Qg4 Bd7 16. Rf7 Qg5 17. Rxg7 Qxg4 18. Bxg4 a6 19. Bd2 b5 20. cxd5 cxd5 21. Rf1 Rc8 22. Bb4 Rb8 23. Rff7 Be8 24. Rxc7 Rf8 25. Bxf8 1-0

[Event "Niedersachsen-ch open"]
[Site "Verden"]
[Date "2010.01.04"]
[Round "3.77"]
[White "Diederichs, Hannah"]
[Black "Wagner, Dario"]
[Result "0-1"]
[WhiteElo "975"]
[BlackElo "1328"]
[PlyCount "94"]
[EventDate "2010.01.03"]
[EventType "swiss"]
[EventRounds "7"]
[EventCountry "GER"]
[SourceTitle "EXT 2012"]
[Source "ChessBase"]
[SourceDate "2011.11.24"]
[SourceVersion "1"]
[SourceVersionDate "2011.11.24"]
[SourceQuality "1"]

1. e4 c5 2. Nf3 d6 3. d4 cxd4 4. Nxd4 Nf6 5. Nc3 g6 6. Bd3 Bg7 7. 0-0 Ng4 8. Nf3 Nc6 9. Nb1 0-0 10. Nbd2 Qc7 11. Rb1 Rd8 12. b3 d5 13. c4 dxe4 14. Bxe4 Nd4 15. g3 Nxf3+ 16. Bxf3 Ne5 17. Be2 Bf5 18. Ra1 Nc6 19. Qe1 Bxa1 20. Ba3 Bc3 21. Qc1 Bxd2 22. Qa1 Qe5 23. Qxe5 Nxe5 24. Bxe7 Rd7 25. Ba3 Rad8 26. Bb2 Bd3 27. Bxd3 Nxd3 28. Bf6 Re8 29. Rd1 Re1+ 30. Rxe1 Bxe1 31. a3 Bxf2+ 32. Kg2 Bc5 33. Kh3 Bxa3 34. Bg5 Nc5 35. Bh6 Nxb3 36. Kh4 Na5 37. g4 Nxc4 38. h3 b5 39. Kg5 Be7+ 40. Kf4 b4 41. h4 b3 42. h5 b2 43. hxg6 hxg6 44. g5 b1Q 45. Bf8 Qf5+ 46. Kg3 Rd3+ 47. Kh4 Qh3# 0-1

[Event "Niedersachsen-ch open"]
[Site "Verden"]
[Date "2010.01.03"]
[Round "1.47"]
[White "Roehl, Bernd"]
[Black "Wagner, Dario"]
[Result "1-0"]
[WhiteElo "1718"]
[BlackElo "1328"]
[PlyCount "111"]
[EventDate "2010.01.03"]
[EventType "swiss"]
[EventRounds "7"]
[EventCountry "GER"]
[SourceTitle "EXT 2012"]
[Source "ChessBase"]
[SourceDate "2011.11.24"]
[SourceVersion "1"]
[SourceVersionDate "2011.11.24"]
[SourceQuality "1"]

1. d4 d5 2. c4 e6 3. Nc3 f5 4. cxd5 exd5 5. Nf3 c6 6. Ne5 Bd6 7. g3 Nf6 8. Bg2 0-0 9. 0-0 Nbd7 10. f4 Ne4 11. Nxe4 fxe4 12. Qb3 Kh8 13. Bd2 Nxe5 14. fxe5 Rxf1+ 15. Rxf1 Be7 16. Bb4 Be6 17. Qa3 Bxb4 18. Qxb4 Rb8 19. Qc5 Ra8 20. h4 Bg4 21. Rf4 Be6 22. b4 Qe8 23. Kh2 Qc8 24. Qe7 Qb8 25. h5 Qe8 26. Qxe8+ Rxe8 27. Bh3 Bxh3 28. Kxh3 g6 29. h6 Kg8 30. Kh4 Rf8 31. Kg5 Rxf4 32. gxf4 Kf7 33. f5 gxf5 34. Kxf5 Ke7 35. e6 b6 36. Ke5 a6 37. a4 b5 38. a5 c5 39. dxc5 d4 40. Kxd4 Kxe6 41. Kxe4 Kd7 42. Ke5 Kc6 43. e4 Kd7 44. Kf6 Ke8 45. Kg7 Ke7 46. Kxh7 Kf7 47. c6 Ke7 48. Kg8 Kd6 49. h7 Kxc6 50. h8Q Kd6 51. Qd4+ Kc6 52. e5 Kc7 53. e6 Kc6 54. e7 Kc7 55. e8Q Kb7 56. Qdd7# 1-0

[Event "Niedersachsen-chT U12"]
[Site "Verden an der Aller"]
[Date "2009.05.21"]
[Round "1.1"]
[White "Koop, Thorben"]
[Black "Wagner, Dario"]
[Result "1/2-1/2"]
[WhiteElo "1735"]
[BlackElo "1269"]
[PlyCount "44"]
[EventDate "2009.05.21"]
[EventType "team-tourn"]
[EventRounds "7"]
[EventCountry "GER"]
[SourceTitle "EXT 2010"]
[Source "ChessBase"]
[SourceDate "2010.11.25"]
[SourceVersion "1"]
[SourceVersionDate "2010.11.25"]
[SourceQuality "1"]
[WhiteTeam "Lingen"]
[BlackTeam "Stade"]
[WhiteTeamCountry "GER"]
[BlackTeamCountry "GER"]

1. d4 d5 2. e3 e6 3. Bd3 f5 4. f4 Nf6 5. Nf3 c6 6. 0-0 Be7 7. Ne5 0-0 8. b3 Nbd7 9. Bb2 Ne4 10. Nd2 Nxe5 11. dxe5 b6 12. Nf3 Bc5 13. Bd4 Bxd4 14. Nxd4 Qd7 15. Rc1 Nc3 16. Qe1 Nxa2 17. Ra1 c5 18. Rxa2 cxd4 19. exd4 a5 20. Qe2 Qa7 21. Bb5 Ba6 22. Rfa1 Rfc8 1/2-1/2

[Event "Niedersachsen-ch U12"]
[Site "Rotenburg"]
[Date "2009.04.08"]
[Round "8"]
[White "Wagner, Dario"]
[Black "Diederichs, Luise"]
[Result "1/2-1/2"]
[WhiteElo "1307"]
[BlackElo "1111"]
[PlyCount "81"]
[EventDate "2009.04.04"]
[EventType "swiss"]
[EventRounds "11"]
[EventCountry "GER"]
[SourceTitle "EXT 2010"]
[Source "ChessBase"]
[SourceDate "2010.11.25"]
[SourceVersion "1"]
[SourceVersionDate "2010.11.25"]
[SourceQuality "1"]

1. e4 e6 2. d4 d5 3. Nc3 c5 4. Nf3 dxe4 5. Nxe4 Nc6 6. Be3 cxd4 7. Nxd4 Nge7 8. Bb5 Bd7 9. 0-0 Nd5 10. Bxc6 Bxc6 11. Nxc6 bxc6 12. Bc5 Bxc5 13. Nxc5 0-0 14. Qf3 Qf6 15. Ne4 Qf4 16. Qe2 Rab8 17. Rab1 Qe5 18. c3 f5 19. Ng3 Qxe2 20. Nxe2 Rfd8 21. Nd4 Rd6 22. Rfe1 Nf4 23. g3 Nd3 24. Rxe6 Rxe6 25. Nxe6 Kf7 26. Nd4 Rxb2 27. Rxb2 Nxb2 28. Kf1 Nd1 29. c4 Nc3 30. Nxc6 Nxa2 31. Nxa7 Nc3 32. Nc6 Ke6 33. Nd4+ Ke5 34. Nc2 Ne4 35. Ke2 g5 36. f3 Nc5 37. Ne3 f4 38. gxf4+ gxf4 39. Nd5 Ne6 40. h4 Nd4+ 41. Kf2 1/2-1/2

[Event "Niedersachsen-ch U12"]
[Site "Rotenburg"]
[Date "2009.04.05"]
[Round "3"]
[White "Edel, Fenja"]
[Black "Wagner, Dario"]
[Result "0-1"]
[WhiteElo "1136"]
[BlackElo "1307"]
[PlyCount "78"]
[EventDate "2009.04.04"]
[EventType "swiss"]
[EventRounds "11"]
[EventCountry "GER"]
[SourceTitle "EXT 2010"]
[Source "ChessBase"]
[SourceDate "2010.11.25"]
[SourceVersion "1"]
[SourceVersionDate "2010.11.25"]
[SourceQuality "1"]

1. e4 c5 2. Nc3 Nc6 3. f4 g6 4. Bc4 Bg7 5. Nf3 d6 6. 0-0 Bg4 7. d3 e6 8. h3 Bxf3 9. Qxf3 Nd4 10. Qf2 Ne7 11. Re1 a6 12. a4 0-0 13. Ra2 Qd7 14. Kh1 b5 15. Bb3 Rfc8 16. axb5 axb5 17. Rxa8 Rxa8 18. Ba2 b4 19. Ne2 Rxa2 20. Ng3 f5 21. exf5 exf5 22. Qe3 Bf6 23. Qd2 b3 24. c3 Nb5 25. Ne2 Qc6 26. d4 cxd4 27. Nxd4 Nxd4 28. cxd4 Ra4 29. Qe3 Rxd4 30. Qxb3+ Kg7 31. Be3 Re4 32. Bf2 Rxe1+ 33. Bxe1 Qc1 34. Qb4 Nd5 35. Qb7+ Nc7 36. Qb4 Bh4 37. Qd4+ Kh6 38. Qxd6 Qxe1+ 39. Kh2 Bg3# 0-1

[Event "Niedersachsen-ch op"]
[Site "Verden"]
[Date "2009.01.03"]
[Round "1"]
[White "Grigorian, Spartak"]
[Black "Wagner, Dario"]
[Result "1-0"]
[WhiteElo "1776"]
[BlackElo "1108"]
[PlyCount "53"]
[EventDate "2009.01.03"]
[EventType "swiss"]
[EventRounds "7"]
[EventCountry "GER"]
[SourceTitle "EXT 2012"]
[Source "ChessBase"]
[SourceDate "2011.11.24"]
[SourceVersion "1"]
[SourceVersionDate "2011.11.24"]
[SourceQuality "1"]

1. e4 c5 2. Nf3 d6 3. d4 cxd4 4. Nxd4 Nc6 5. Nc3 Nf6 6. f3 g6 7. Be3 Bg7 8. Qd2 0-0 9. 0-0-0 Bd7 10. h4 h5 11. Be2 Ne5 12. Rdg1 Rc8 13. Kb1 a6 14. Bh6 Nc6 15. Bxg7 Kxg7 16. g4 b5 17. gxh5 Nxh5 18. f4 Nxd4 19. Qxd4+ Kh7 20. Bxh5 Rg8 21. Be2 Bc6 22. h5 e5 23. hxg6+ Kg7 24. fxe5 dxe5 25. Rh7+ Kf8 26. Rxf7+ Ke8 27. Qxe5+ 1-0

[Event "Niedersachsen-chT U12"]
[Site "Verden an der Aller"]
[Date "2008.05.01"]
[Round "2.1"]
[White "Grigorian, Spartak"]
[Black "Wagner, Dario"]
[Result "1-0"]
[WhiteElo "1470"]
[BlackElo "966"]
[PlyCount "89"]
[EventDate "2008.05.01"]
[EventType "team"]
[EventRounds "7"]
[EventCountry "GER"]
[SourceTitle "EXT 2009"]
[Source "ChessBase"]
[SourceDate "2008.11.26"]
[SourceVersion "1"]
[SourceVersionDate "2008.11.26"]
[SourceQuality "1"]

1. Nf3 d6 2. d4 Nf6 3. c4 g6 4. g3 Bg7 5. Bg2 0-0 6. 0-0 Nbd7 7. Nc3 b6 8. Nd2 Rb8 9. e4 Bb7 10. Re1 e5 11. Nf3 Re8 12. d5 Nc5 13. b4 Na6 14. a3 c6 15. Bb2 cxd5 16. cxd5 Nc7 17. Rc1 Rc8 18. Bh3 Nd7 19. Qa4 Re7 20. Rc2 a6 21. Rec1 b5 22. Qa5 Ne8 23. Qxd8 Rxd8 24. Nd2 Bh6 25. Ne2 Nb6 26. f4 exf4 27. Nxf4 Bxf4 28. gxf4 f5 29. exf5 Bxd5 30. fxg6 hxg6 31. Bd4 Nc4 32. Nxc4 bxc4 33. Rd2 Be4 34. Rxc4 d5 35. Rc6 Kh7 36. Rxa6 Nc7 37. Ra7 Rf8 38. Bc5 Rxf4 39. Bxe7 Bf5 40. Bxf5 Rxf5 41. Rxc7 Rf7 42. Rxd5 Kg8 43. Rdd7 Kh7 44. Bf6 Rxd7 45. Rxd7+ 1-0